[Event "FIDE Chesscom Grand Swiss 2019"]
[Site "Douglas-Isle of Man"]
[Date "2019.10.14"]
[Round "5.28"]
[White "Vocaturo, Daniele"]
[Black "Sebag, Marie"]
[Result "1-0"]
[WhiteElo "2620"]
[BlackElo "2445"]
[Annotator "RC"]
[PlyCount "103"]
[EventDate "2019.10.10"]
[EventType "swiss"]
[EventCountry "GBR"]
[SourceTitle "playchess.com"]
[Source "ChessBase"]
[SourceQuality "1"]
[TimeControl "40/6000+30:20/3000+30:900+30"]

1. d4 {[%emt 0:00:00]} d5 {[%emt 0:00:00]} 2. c4 {[%emt 0:00:07]} c6 {[%emt 0:00:00]} 3. Nf3 {[%emt 0:00:47]} Nf6 {[%emt 0:00:00]} 4. e3 {[%emt 0:00:28]} Bf5 {[%emt 0:00:36]} 5. Nc3 {[%emt 0:00:46]} e6 {[%emt 0:00:39]} 6. Nh4 {[%emt 0:01:06]} Bg6 {[%emt 0:00:32]} 7. Nxg6 {[%emt 0:01:52]} hxg6 {[%emt 0:00:20]} 8. Qb3 {[%emt 0:01:48]} Qc7 {[%emt 0:07:44]} 9. Bd2 {[%emt 0:01:05]} Nbd7 {[%emt 0:03:42]} 10. O-O-O {[%emt 0:05:45]} dxc4 {[%emt 0:08:40]} 11. Bxc4 {[%emt 0:02:29]} b5 {[%emt 0:00:17]} 12. Be2 {[%emt 0:01:44]} a6 {[%emt 0:03:12]} 13. Kb1 {[%emt 0:08:33]} c5 {[%emt 0:06:30]} 14. g4 {[%emt 0:06:06]} Be7 {[%emt 0:29:48]} 15. g5 {[%emt 0:05:09]} Nh5 {[%emt 0:01:49]} 16. d5 {[%emt 0:03:57]} c4 {[%emt 0:02:24]} 17. Qc2 {[%emt 0:00:26]} e5 {[%emt 0:02:27]} 18. Ne4 {[%emt 0:01:32]} Nc5 {[%emt 0:03:51]} 19. Bc3 {[%emt 0:11:04]} Bd6 {[%emt 0:08:08]} 20. Bxe5 {[%emt 0:09:05]} Bxe5 {[%emt 0:02:14]} 21. d6 {[%emt 0:00:06]} Qb6 {[%emt 0:05:24]} 22. Nxc5 {[%emt 0:00:34]} Qxc5 {[%emt 0:00:11]} 23. Qe4 {[%emt 0:01:45]} O-O {[%emt 0:03:12]} 24. Rd5 {[%emt 0:00:14]} Qc6 {[%emt 0:01:47]} 25. Qxe5 {[%emt 0:00:17]} Rae8 {[%emt 0:00:21]} 26. Qd4 {[%emt 0:02:14]} Nf4 {[%emt 0:00:16]} 27. exf4 {[%emt 0:01:56]} Rxe2 {[%emt 0:00:08]} 28. d7 {[%emt 0:02:56]} Rd8 {[%emt 0:00:57]} 29. Rd1 {[%emt 0:00:28]} Re7 {[%emt 0:02:49]} 30. a3 {[%emt 0:02:33]} a5 {[%emt 0:04:23]} 31. Rd6 {[%emt 0:10:08]} Qc7 {[%emt 0:01:56]} 32. f5 {[%emt 0:06:44]} gxf5 {[%emt 0:02:17]} 33. g6 {[%emt 0:00:10]} fxg6 {[%emt 0:04:34]} 34. Qd5+ {[%emt 0:00:13]} Kf8 {[%emt 0:03:06]} 35. Qxb5 {[%emt 0:03:39]} c3 {[%emt 0:00:33]} 36. Rc6 {[%emt 0:03:34]} Qe5 {[%emt 0:00:16]} 37. Qxe5 {[%emt 0:01:29]} Rxe5 {[%emt 0:00:04]} 38. Rxc3 {[%emt 0:01:12]} Ke7 {[%emt 0:01:12]} 39. Rcd3 {[%emt 0:05:47]} a4 {[%emt 0:00:27]} 40. R1d2 {[%emt 0:00:21]} g5 {[%emt 0:01:13]} 41. Rd5 {[%emt 0:53:46]} Re1+ {[%emt 0:50:47]} 42. Rd1 {[%emt 0:03:01]} Ke6 {[%emt 0:00:00]} 43. Rd6+ {[%emt 0:00:00]} Ke5 {[%emt 0:00:00]} 44. Rxe1+ {[%emt 0:00:00]} Kxd6 {[%emt 0:00:00]} 45. Kc2 {[%emt 0:00:00]} Kc7 {[%emt 0:00:00]} 46. Rd1 {[%emt 0:00:00]} Kc6 {[%emt 0:00:00]} 47. Kc3 {[%emt 0:00:00]} Kc5 {[%emt 0:00:00]} 48. h3 {[%emt 0:00:00]} g6 {[%emt 0:00:00]} 49. Rd4 {[%emt 0:00:00]} Kb5 {[%emt 0:00:00]} 50. Rd5+ {[%emt 0:00:00]} Kc6 {[%emt 0:00:00]} 51. Kc4 {[%emt 0:00:00]} Kb6 {[%emt 0:00:00]} 52. Rd6+ {[%emt 0:00:00]} 1-0

[Event "FIDE Chesscom Grand Swiss 2019"]
[Site "Douglas-Isle of Man"]
[Date "2019.10.14"]
[Round "5.28"]
[White "Abdusattorov, Nodirbek"]
[Black "Saric, Ivan"]
[Result "1-0"]
[WhiteElo "2608"]
[BlackElo "2667"]
[Annotator "TA"]
[PlyCount "103"]
[EventDate "2019.10.10"]
[EventType "swiss"]
[EventCountry "GBR"]
[SourceTitle "playchess.com"]
[Source "ChessBase"]
[SourceQuality "1"]

{[%evp 24,103,20,6,14,0,0,7,52,38,55,43,43,52,52,38,45,35,41,23,65,60,67,58,126,122,158,141,191,123,174,120,123,125,236,235,282,254,370,372,426,372,389,386,560,558,547,544,533,519,916,870,954,942,810,869,6648,7661,3062,2682,12825,12827,828,786,12833,12833,12833,12834,12834,12835,12835,12835,12837,12834,12835,12835,12836,12836,12837,12837,12837,6540]} 1. e4 c5 2. Nf3 d6 3. d4 cxd4 4. Nxd4 Nf6 5. Nc3 a6 6. Be2 e5 7. Nb3 Be7 8. O-O O-O 9. Be3 Be6 10. Qd2 Nbd7 11. a4 Rc8 12. a5 Qc7 13. Rfc1 h6 {B92: Sicilian Najdorf: 6 Be2} (13... Qc6 14. Bf3 Rfe8 15. Nd5 Bxd5 16. exd5 Qb5 17. Qd3 e4 18. Qxb5 axb5 19. Be2 Nxd5 20. Bxb5 Red8 21. Bd2 Nc7 22. Be2 {½-½ (33) Bologan,V (2607)-Korobov,A (2700) Poikovsky 2015}) 14. f3 Rfd8 15. Nd5 Bxd5 $146 {The position is equal.} ({Predecessor:} 15... Nxd5 16. exd5 Bf5 17. Ra4 Re8 18. Rb4 Bg6 19. c4 Bd8 20. Bd3 e4 21. fxe4 Bxe4 22. c5 Bxd5 23. Bxh6 dxc5 24. Bf5 cxb4 25. Rxc7 Rxc7 26. Bf4 Nf6 27. Qxb4 Rc4 {0-1 (27) Drobka,M (2194)-Bars,J (2273) GER email 2012}) 16. exd5 Nc5 17. Ra3 Nxb3 18. Rxb3 {Bb6 is the strong threat.} Nd7 19. Rc3 Qb8 $1 20. Rxc8 Rxc8 21. Bd3 Rc7 22. b4 Qd8 23. g3 Qf8 (23... Bg5 $14) 24. c4 $36 {[%mdl 2048] Black is under strong pressure.} f5 25. Kg2 Kh8 {[#]} 26. h4 ({White should play} 26. Bb1 $1 $18) 26... Rc8 (26... Qf6 $16 {was called for.} 27. Bf2 Qf8) 27. Qc2 ({Better is} 27. Bb1 $18) 27... f4 28. Bf5 fxe3 (28... Rd8 $16) 29. Bxd7 $18 Rb8 30. Qg6 e4 (30... Qf6 {was worth a try.} 31. Qxf6 Bxf6) 31. Qxe4 b6 32. axb6 Rxb6 33. b5 axb5 (33... Bd8 $142 34. Qxe3 axb5 35. cxb5 Rb8) 34. cxb5 {White is clearly winning.} Rb8 35. Qxe3 Bd8 36. Rc4 Bb6 (36... Qf7 $142 37. Rf4 Bf6) 37. Qe6 Bc5 38. Rf4 Qg8 39. h5 Rf8 40. Rxf8 Qxf8 41. f4 Qa8 42. Qf7 Qg8 43. Be6 {[%csl Ge6][%cal Rf7g8]} Qxf7 44. Bxf7 {[%mdl 4096] Endgame KB-KB} g6 45. hxg6 Kg7 46. g4 Kf6 47. Kf3 Bb6 48. Ke4 Bc5 {[#]} 49. g5+ $1 hxg5 50. fxg5+ Ke7 51. Be6 {White wants to mate with g7.} Kf8 52. Bc8 {Accuracy: White = 91%, Black = 27%.} 1-0

[Event "FIDE Chesscom Grand Swiss 2019"]
[Site "Douglas-Isle of Man"]
[Date "2019.10.14"]
[Round "5.29"]
[White "Vovk, Andriy"]
[Black "Ushenina, Anna"]
[Result "1-0"]
[WhiteElo "2618"]
[BlackElo "2431"]
[Annotator "RC"]
[PlyCount "85"]
[EventDate "2019.10.10"]
[EventType "swiss"]
[EventCountry "GBR"]
[SourceTitle "playchess.com"]
[Source "ChessBase"]
[SourceQuality "1"]
[TimeControl "40/6000+30:20/3000+30:900+30"]

1. e4 {[%emt 0:00:47]} e5 {[%emt 0:00:00]} 2. Nf3 {[%emt 0:00:10]} Nf6 {[%emt 0:00:00]} 3. Nxe5 {[%emt 0:01:21]} d6 {[%emt 0:00:00]} 4. Nf3 {[%emt 0:00:46]} Nxe4 {[%emt 0:00:00]} 5. Nc3 {[%emt 0:01:50]} Nxc3 {[%emt 0:00:00]} 6. dxc3 {[%emt 0:00:07]} Be7 {[%emt 0:00:09]} 7. Be3 {[%emt 0:01:55]} Nc6 {[%emt 0:01:16]} 8. Qd2 {[%emt 0:01:41]} Bf5 {[%emt 0:00:43]} 9. O-O-O {[%emt 0:02:34]} Qd7 {[%emt 0:01:34]} 10. Bc4 {[%emt 0:01:55]} Bf6 {[%emt 0:07:22]} 11. Bg5 {[%emt 0:05:41]} O-O-O {[%emt 0:39:30]} 12. Bxf6 {[%emt 0:02:10]} gxf6 {[%emt 0:00:49]} 13. Nd4 {[%emt 0:05:56]} Ne5 {[%emt 0:03:47]} 14. Be2 {[%emt 0:07:03]} Rhg8 {[%emt 0:05:34]} 15. f4 {[%emt 0:06:16]} Nc6 {[%emt 0:02:49]} 16. Nxf5 {[%emt 0:18:03]} Qxf5 {[%emt 0:00:14]} 17. g3 {[%emt 0:00:21]} d5 {[%emt 0:08:04]} 18. Bf3 {[%emt 0:03:21]} Rd6 {[%emt 0:03:06]} 19. Rhe1 {[%emt 0:01:46]} Rgd8 {[%emt 0:01:04]} 20. Qf2 {[%emt 0:05:28]} Kb8 {[%emt 0:01:05]} 21. Rd3 {[%emt 0:04:04]} a6 {[%emt 0:02:12]} 22. b3 {[%emt 0:02:25]} Qd7 {[%emt 0:07:09]} 23. a3 {[%emt 0:02:26]} Ne7 {[%emt 0:01:39]} 24. Qe2 {[%emt 0:02:58]} Ng8 {[%emt 0:05:59]} 25. Red1 {[%emt 0:00:45]} Ne7 {[%emt 0:06:30]} 26. Bg2 {[%emt 0:00:17]} c6 {[%emt 0:01:19]} 27. Qh5 {[%emt 0:04:09]} Ng6 {[%emt 0:00:24]} 28. c4 {[%emt 0:00:56]} Qc7 {[%emt 0:02:37]} 29. cxd5 {[%emt 0:02:15]} Qa5 {[%emt 0:00:02]} 30. Kb2 {[%emt 0:02:25]} Rc8 {[%emt 0:00:04]} 31. b4 {[%emt 0:07:36]} Qb5 {[%emt 0:00:06]} 32. c4 {[%emt 0:00:27]} Qxc4 {[%emt 0:00:31]} 33. Rc3 {[%emt 0:00:11]} Qb5 {[%emt 0:01:52]} 34. Rc5 {[%emt 0:00:25]} Qb6 {[%emt 0:00:03]} 35. dxc6 {[%emt 0:00:19]} Rxd1 {[%emt 0:00:58]} 36. Qxd1 {[%emt 0:00:08]} Ka7 {[%emt 0:02:45]} 37. Qd7 {[%emt 0:03:28]} Rc7 {[%emt 0:00:27]} 38. Qd8 {[%emt 0:01:48]} bxc6 {[%emt 0:01:46]} 39. Bxc6 {[%emt 0:01:54]} Qb8 {[%emt 0:00:15]} 40. Qd4 {[%emt 0:02:01]} Qb6 {[%emt 0:00:01]} 41. a4 {[%emt 0:51:24]} Rxc6 {[%emt 0:53:05]} 42. Qd7+ {[%emt 0:03:19]} Qb7 {[%emt 0:01:51]} 43. Qxc6 {[%emt 0:00:20]} 1-0

[Event "FIDE Chesscom Grand Swiss 2019"]
[Site "Douglas-Isle of Man"]
[Date "2019.10.14"]
[Round "5.29"]
[White "Sadhwani, Raunak"]
[Black "Eljanov, Pavel"]
[Result "1/2-1/2"]
[WhiteElo "2479"]
[BlackElo "2663"]
[Annotator "TA"]
[PlyCount "63"]
[EventDate "2019.10.10"]
[EventType "swiss"]
[EventCountry "GBR"]
[SourceTitle "playchess.com"]
[Source "ChessBase"]
[SourceQuality "1"]

{[%evp 9,63,12,19,9,25,0,0,0,0,0,0,-11,0,-10,0,0,0,-18,-13,-30,-29,-25,-1,-33,-33,-33,-8,-10,-7,-11,-7,-9,-9,-8,-12,-7,-7,-20,-18,-14,-1,-4,0,0,0,0,0,0,0,0,0,0,4,6,11,0]} 1. e4 c5 2. Nf3 e6 3. g3 Nc6 4. Bg2 Nf6 5. Qe2 d6 (5... Be7 6. e5 Nd5 7. O-O d6 8. exd6 Qxd6 9. Rd1 Nc7 10. d4 cxd4 11. Bf4 Qd8 12. Ne5 Nd5 13. Nxc6 bxc6 {1-0 (66) Vachier Lagrave,M (2774)-Yu,Y (2763) Khanty-Mansiysk 2019}) 6. c3 {B40: Sicilian: 2...e6, Unusual lines} e5 7. d3 g6 8. Bg5 h6 $146 ({Predecessor:} 8... Bg7 9. Na3 h6 10. Bxf6 Bxf6 11. Nc4 O-O 12. Ne3 {½-½ (39) Kosiorek,M (2345)-Marszalek,M (2334) Poland 2004}) 9. Bxf6 Qxf6 10. Na3 {[%cal Bb1a3,Ba3c4,Bc4e3][%mdl 32]} h5 11. Nc4 Bh6 12. Ne3 Be6 13. h4 O-O 14. a3 b5 15. Nd2 a5 16. a4 Bxe3 17. Qxe3 bxa4 {Black wants to play ...Rfb8.} (17... Rab8 {seems wilder.} 18. O-O b4 19. Nc4 Rfd8 20. Qe2 Rb7) 18. Nc4 {The position is equal.} Bxc4 19. dxc4 Rab8 20. Qd2 Rb3 {White must now prevent ...Rfb8.} 21. Rxa4 Rfb8 22. Ra2 Qe6 23. Qe2 {[#]} a4 $1 {[%mdl 512] ...a3! is the strong threat.} 24. Bh3 (24. Rxa4 Rxb2) 24... Qf6 {aiming for ...a3!} 25. O-O $1 Na5 26. Rc1 Qd8 27. Rc2 Qe8 28. Rd2 R8b6 29. Bf1 Kg7 30. Qd1 Qc6 31. Bd3 Rb8 32. Bf1 {Accuracy: White = 59%, Black = 67%.} 1/2-1/2

[Event "FIDE Chesscom Grand Swiss 2019"]
[Site "Douglas-Isle of Man"]
[Date "2019.10.14"]
[Round "5.30"]
[White "So, Wesley"]
[Black "Bjerre, Jonas Buhl"]
[Result "1-0"]
[WhiteElo "2767"]
[BlackElo "2506"]
[Annotator "TA"]
[PlyCount "41"]
[EventDate "2019.10.10"]
[EventType "swiss"]
[EventCountry "GBR"]
[SourceTitle "playchess.com"]
[Source "ChessBase"]
[SourceQuality "1"]

{[%evp 25,59,29,17,18,38,38,38,37,45,22,68,66,107,111,125,116,123,128,183,182,468,472,602,609,616,614,697,690,776,760,872,868,773,620,29984,29985]} 1. d4 Nf6 2. g3 e6 3. Bg2 c5 4. Nf3 cxd4 5. Nxd4 d5 6. O-O e5 7. Nf3 Nc6 8. c4 d4 9. e3 Be7 10. exd4 exd4 11. Bf4 O-O 12. Ne5 Nxe5 13. Bxe5 Bc5 14. Nd2 {E01: Catalan: Early deviations} Re8 (14... Ng4 15. Bf4 g5 16. Nb3 gxf4 17. Nxc5 fxg3 18. hxg3 Qd6 19. Ne4 Qh6 20. Re1 Be6 21. Qxd4 Rad8 22. Qc5 f5 23. Nc3 Rc8 24. Qe7 Qh2+ 25. Kf1 Bxc4+ {0-1 (37) Gelfand,B (2729)-Inarkiev,E (2702) Nazran 2017}) 15. Bxf6 Qxf6 16. Nb3 {White is slightly better.} Qd6 17. Qd3 Bg4 $146 ({Predecessor:} 17... g6 18. Nxc5 Qxc5 19. Rad1 Be6 20. b3 Rad8 21. Bxb7 Bf5 22. Qf3 Re7 23. Bd5 Rde8 24. h4 Bh3 25. h5 Kg7 26. h6+ Kxh6 27. Qh1 {1-0 (27) Ehlvest,J-Winants,L Schilde 1980}) 18. Rfe1 Rxe1+ 19. Rxe1 Bb4 20. Rc1 {And now c5 would win.} Qa6 21. a3 {Played: Qd3-e4} 1-0

[Event "FIDE Chesscom Grand Swiss 2019"]
[Site "Douglas-Isle of Man"]
[Date "2019.10.14"]
[Round "5.30"]
[White "Jobava, Baadur"]
[Black "Houska, Jovanka"]
[Result "1-0"]
[WhiteElo "2617"]
[BlackElo "2430"]
[Annotator "RC"]
[PlyCount "89"]
[EventDate "2019.10.10"]
[EventType "swiss"]
[EventCountry "GBR"]
[SourceTitle "playchess.com"]
[Source "ChessBase"]
[SourceQuality "1"]
[TimeControl "40/6000+30:20/3000+30:900+30"]

1. d4 {[%emt 0:00:00]} d5 {[%emt 0:00:00]} 2. c4 {[%emt 0:00:00]} e6 {[%emt 0:00:00]} 3. Nc3 {[%emt 0:00:00]} Nf6 {[%emt 0:00:24]} 4. Bf4 {[%emt 0:00:08]} Bb4 {[%emt 0:09:25]} 5. e3 {[%emt 0:00:38]} O-O {[%emt 0:03:14]} 6. Rc1 {[%emt 0:01:06]} c5 {[%emt 0:08:58]} 7. dxc5 {[%emt 0:01:00]} Ne4 {[%emt 0:05:32]} 8. cxd5 {[%emt 0:02:14]} exd5 {[%emt 0:04:10]} 9. Nge2 {[%emt 0:06:18]} Qh4 {[%emt 0:23:16]} 10. g3 {[%emt 0:06:41]} Qh5 {[%emt 0:00:02]} 11. Bg2 {[%emt 0:00:50]} Bg4 {[%emt 0:11:14]} 12. h3 {[%emt 0:01:03]} Bxc3+ {[%emt 0:02:03]} 13. bxc3 {[%emt 0:00:11]} Bf3 {[%emt 0:00:23]} 14. g4 {[%emt 0:00:43]} Qh4 {[%emt 0:01:57]} 15. O-O {[%emt 0:00:08]} Bxg2 {[%emt 0:01:04]} 16. Kxg2 {[%emt 0:00:09]} Na6 {[%emt 0:02:45]} 17. Nd4 {[%emt 0:06:30]} Qf6 {[%emt 0:04:34]} 18. c6 {[%emt 0:08:08]} bxc6 {[%emt 0:00:25]} 19. c4 {[%emt 0:00:43]} Rac8 {[%emt 0:06:25]} 20. Qe2 {[%emt 0:12:37]} c5 {[%emt 0:06:51]} 21. Nb5 {[%emt 0:03:24]} d4 {[%emt 0:00:49]} 22. a3 {[%emt 0:14:35]} Rcd8 {[%emt 0:05:02]} 23. Rfd1 {[%emt 0:07:10]} g5 {[%emt 0:04:09]} 24. Bh2 {[%emt 0:04:01]} d3 {[%emt 0:01:05]} 25. Qf3 {[%emt 0:00:41]} Qg6 {[%emt 0:03:27]} 26. Qf5 {[%emt 0:01:15]} d2 {[%emt 0:03:41]} 27. Rc2 {[%emt 0:01:08]} Rd3 {[%emt 0:00:05]} 28. Bg1 {[%emt 0:01:25]} Rfd8 {[%emt 0:00:54]} 29. Qxg6+ {[%emt 0:01:00]} hxg6 {[%emt 0:00:23]} 30. f3 {[%emt 0:00:05]} Nf6 {[%emt 0:00:51]} 31. e4 {[%emt 0:01:22]} Ne8 {[%emt 0:00:29]} 32. Nc3 {[%emt 0:01:40]} Nec7 {[%emt 0:01:02]} 33. Nd5 {[%emt 0:00:11]} Ne6 {[%emt 0:00:03]} 34. Rcxd2 {[%emt 0:07:10]} Nf4+ {[%emt 0:00:56]} 35. Kg3 {[%emt 0:00:52]} Ne2+ {[%emt 0:00:36]} 36. Kh2 {[%emt 0:00:24]} Rxd2 {[%emt 0:00:21]} 37. Rxd2 {[%emt 0:00:09]} Nxg1 {[%emt 0:00:20]} 38. Ne7+ {[%emt 0:01:11]} Kg7 {[%emt 0:00:52]} 39. Rxd8 {[%emt 0:00:09]} Nxf3+ {[%emt 0:00:04]} 40. Kg3 {[%emt 0:00:08]} Ne5 {[%emt 0:00:04]} 41. Rg8+ {[%emt 0:52:19]} Kh7 {[%emt 0:51:31]} 42. Ra8 {[%emt 0:02:03]} Nxc4 {[%emt 0:00:00]} 43. Rxa7 {[%emt 0:00:00]} Nb8 {[%emt 0:00:00]} 44. Rb7 {[%emt 0:00:00]} Na6 {[%emt 0:00:00]} 45. Nc6 {[%emt 0:00:00]} 1-0

[Event "FIDE Chesscom Grand Swiss 2019"]
[Site "Douglas-Isle of Man"]
[Date "2019.10.14"]
[Round "5.31"]
[White "Bachmann, Axel"]
[Black "Anand, Viswanathan"]
[Result "0-1"]
[WhiteElo "2629"]
[BlackElo "2765"]
[Annotator "TA"]
[PlyCount "40"]
[EventDate "2019.10.10"]
[EventType "swiss"]
[EventCountry "GBR"]
[SourceTitle "playchess.com"]
[Source "ChessBase"]
[SourceQuality "1"]

{[%evp 9,86,-2,8,0,4,0,4,-37,-35,-55,-41,-66,-66,-75,-68,-59,-64,-140,-147,-143,-133,-133,-73,-94,-102,-196,-63,-207,-165,-258,-258,-266,-248,-239,-206,-405,-396,-502,-325,-325,-195,-253,-232,-468,-468,-463,-433,-1052,-445,-431,-389,-375,-375,-356,-366,-328,-266,-266,-243,-278,-280,-287,-266,-330,-335,-341,-336,-333,-280,-328,-321,-427,-407,-439,-417,-387,-381,-359,-353]} 1. c4 e5 2. Nc3 Bb4 3. Nd5 a5 4. Nf3 d6 5. g3 (5. a3 Bc5 6. e3 Nf6 7. d4 Nxd5 8. cxd5 exd4 9. exd4 Bb6 10. Bg5 f6 11. Be3 O-O {1-0 (43) Ding,L (2811)-Yu,Y (2763) Khanty-Mansiysk 2019}) 5... c6 6. Nxb4 {A21: English Opening: 1...e5 2 Nc3} axb4 7. d4 $146 ({Predecessor:} 7. Bg2 Nf6 8. O-O O-O 9. b3 c5 10. e3 Nc6 11. Bb2 Bg4 {1-0 (45) Haugli,P (2231)-Hakansson,S (2019) Helsingor 2018}) 7... e4 8. Ng5 {The position is equal.} d5 9. Qb3 Nf6 10. Qxb4 h6 11. Nh3 Na6 $1 {[%cal Bb8a6,Ba6b4,Bb4c2][%mdl 32]} 12. Qc3 dxc4 $1 13. Qxc4 (13. Bd2 $15) 13... Be6 $17 14. Qc3 Nd5 {[%mdl 1024] Black has strong compensation.} 15. Qd2 g5 (15... Nab4 $142 {Hoping for ...e3.} 16. Bg2 Rxa2 17. Rxa2 Nxa2) 16. Bg2 Nab4 $36 {[%mdl 2048] Black has strong initiative.} 17. b3 {[#]} (17. a3 $17 {was necessary.}) 17... e3 (17... Bf5 $1 $19 {White must now prevent ...e3!} 18. Qb2 Qd7) 18. Qb2 (18. fxe3 $15 Nxe3 19. Be4) 18... Qd7 $19 19. Ng1 (19. a3 {is a better defense.} Bxh3 20. Bxh3 Qxh3 21. axb4 exf2+ 22. Kxf2 Rxa1 23. Qxa1) 19... Bf5 20. fxe3 Qe6 {Played: Nb4-c2} 0-1

[Event "FIDE Chesscom Grand Swiss 2019"]
[Site "Douglas-Isle of Man"]
[Date "2019.10.14"]
[Round "5.31"]
[White "Hansen, Eric"]
[Black "Rakotomaharo, Fy Antenaina"]
[Result "1-0"]
[WhiteElo "2611"]
[BlackElo "2428"]
[Annotator "RC"]
[PlyCount "107"]
[EventDate "2019.10.10"]
[EventType "swiss"]
[EventCountry "GBR"]
[SourceTitle "playchess.com"]
[Source "ChessBase"]
[SourceQuality "1"]
[TimeControl "40/6000+30:20/3000+30:900+30"]

1. e4 {[%emt 0:02:08]} e5 {[%emt 0:00:00]} 2. Nf3 {[%emt 0:00:07]} Nc6 {[%emt 0:00:00]} 3. Bb5 {[%emt 0:01:24]} a6 {[%emt 0:00:00]} 4. Ba4 {[%emt 0:00:07]} Nf6 {[%emt 0:00:00]} 5. O-O {[%emt 0:00:06]} Be7 {[%emt 0:00:01]} 6. Re1 {[%emt 0:00:08]} b5 {[%emt 0:00:05]} 7. Bb3 {[%emt 0:00:05]} d6 {[%emt 0:00:03]} 8. c3 {[%emt 0:01:30]} O-O {[%emt 0:00:07]} 9. h3 {[%emt 0:00:05]} Bb7 {[%emt 0:00:21]} 10. d4 {[%emt 0:10:32]} Re8 {[%emt 0:00:14]} 11. Nbd2 {[%emt 0:00:59]} Bf8 {[%emt 0:00:16]} 12. a3 {[%emt 0:02:01]} h6 {[%emt 0:00:10]} 13. Bc2 {[%emt 0:01:11]} Nb8 {[%emt 0:00:14]} 14. b3 {[%emt 0:04:49]} Nbd7 {[%emt 0:09:15]} 15. Bb2 {[%emt 0:01:26]} g6 {[%emt 0:02:30]} 16. a4 {[%emt 0:00:55]} c5 {[%emt 0:12:46]} 17. d5 {[%emt 0:03:48]} Nh5 {[%emt 0:01:48]} 18. Bd3 {[%emt 0:04:27]} Qb6 {[%emt 0:00:38]} 19. Bf1 {[%emt 0:00:45]} Reb8 {[%emt 0:11:26]} 20. Qc2 {[%emt 0:05:59]} Bg7 {[%emt 0:03:12]} 21. Ra2 {[%emt 0:02:41]} Nf4 {[%emt 0:13:26]} 22. Rea1 {[%emt 0:02:02]} Rf8 {[%emt 0:00:45]} 23. Bc1 {[%emt 0:02:24]} f5 {[%emt 0:12:31]} 24. axb5 {[%emt 0:01:31]} axb5 {[%emt 0:00:30]} 25. Rxa8 {[%emt 0:00:09]} Bxa8 {[%emt 0:00:04]} 26. c4 {[%emt 0:01:59]} fxe4 {[%emt 0:09:03]} 27. Nxe4 {[%emt 0:05:15]} Bb7 {[%emt 0:00:31]} 28. Nfd2 {[%emt 0:06:34]} bxc4 {[%emt 0:08:40]} 29. bxc4 {[%emt 0:12:40]} Bc8 {[%emt 0:00:36]} 30. Ra8 {[%emt 0:02:31]} Ba6 {[%emt 0:03:48]} 31. Rxf8+ {[%emt 0:01:02]} Nxf8 {[%emt 0:00:06]} 32. Qa4 {[%emt 0:00:22]} Kf7 {[%emt 0:02:34]} 33. Ba3 {[%emt 0:01:01]} Bc8 {[%emt 0:02:03]} 34. Qa8 {[%emt 0:00:47]} Bd7 {[%emt 0:02:35]} 35. Qb7 {[%emt 0:01:19]} Qa5 {[%emt 0:00:27]} 36. Bb2 {[%emt 0:03:53]} Kg8 {[%emt 0:06:47]} 37. Bc3 {[%emt 0:07:44]} Qa4 {[%emt 0:06:22]} 38. Qb3 {[%emt 0:00:43]} Qxb3 {[%emt 0:01:02]} 39. Nxb3 {[%emt 0:00:07]} Ba4 {[%emt 0:00:03]} 40. Nbd2 {[%emt 0:01:36]} Bd1 {[%emt 0:00:31]} 41. Nxd6 {[%emt 1:02:15]} Ne2+ {[%emt 0:05:44]} 42. Bxe2 {[%emt 0:00:00]} Bxe2 {[%emt 0:00:04]} 43. f3 {[%emt 0:00:00]} Nd7 {[%emt 0:00:23]} 44. Kf2 {[%emt 0:00:00]} Bd1 {[%emt 0:00:42]} 45. N2e4 {[%emt 0:00:00]} Bf8 {[%emt 0:03:34]} 46. Ke3 {[%emt 0:00:00]} Bc2 {[%emt 0:05:06]} 47. Ba5 {[%emt 0:00:00]} h5 {[%emt 0:01:55]} 48. Kd2 {[%emt 0:00:00]} Bb3 {[%emt 0:01:35]} 49. Kd3 {[%emt 0:00:00]} Be7 {[%emt 0:05:44]} 50. Nb7 {[%emt 0:00:00]} Ba2 {[%emt 0:00:22]} 51. Kc3 {[%emt 0:00:00]} Kg7 {[%emt 0:04:52]} 52. Bc7 {[%emt 0:00:00]} Bb1 {[%emt 0:01:45]} 53. Nd2 {[%emt 0:00:00]} Ba2 {[%emt 0:00:22]} 54. Kb2 {[%emt 0:00:00]} 1-0

[Event "FIDE Chesscom Grand Swiss 2019"]
[Site "Douglas-Isle of Man"]
[Date "2019.10.14"]
[Round "5.32"]
[White "Le, Quang Liem"]
[Black "Tari, Aryan"]
[Result "1/2-1/2"]
[WhiteElo "2708"]
[BlackElo "2630"]
[Annotator "TA"]
[PlyCount "95"]
[EventDate "2019.10.10"]
[EventType "swiss"]
[EventCountry "GBR"]
[SourceTitle "playchess.com"]
[Source "ChessBase"]
[SourceQuality "1"]

{[%evp 9,95,1,4,8,0,-2,28,19,21,27,30,28,34,18,26,25,58,53,57,62,74,73,75,71,70,79,73,75,74,74,70,70,73,68,145,141,139,97,91,91,91,95,98,98,98,91,95,89,92,75,90,98,98,98,98,68,71,11,12,12,18,0,0,0,0,0,4,0,2,0,0,0,0,0,0,0,0,0,0,0,0,0,0,0,0,0,0,0]} 1. d4 Nf6 2. c4 g6 3. g3 c6 4. Bg2 d5 5. e3 (5. Nf3 Bg7 6. Qb3 O-O 7. Nc3 Qb6 8. O-O Rd8 9. Bd2 dxc4 10. Qxc4 Be6 11. Qa4 Bf5 12. Rfd1 a5 13. Nh4 Bd7 14. Qc2 Qxd4 15. Nf3 Qb6 16. Be3 Qc7 17. Nb5 Qc8 18. Na7 Qc7 19. Nb5 Qc8 20. Na7 Qc7 21. Nb5 {½-½ (21) Karjakin,S (2750)-Nepomniachtchi,I (2774) Saint Louis 2019}) 5... Bg7 6. Ne2 {D71: Fianchetto Grünfeld: 3 g3 d5 sidelines and 5 cxd5 (without Nf3)} O-O 7. O-O b6 8. b3 {White has an edge.} Ba6 9. Nd2 Nbd7 10. Bb2 Rc8 11. Re1 $146 ({Predecessor:} 11. Rc1 b5 12. c5 b4 {½-½ (39) Adhiban,B (2556)-Paragua,M (2550) Manila 2013}) 11... Re8 12. Rc1 e5 13. cxd5 cxd5 14. Rxc8 Qxc8 15. dxe5 Nxe5 16. Nf4 Nd3 17. Nxd3 Bxd3 18. Bxf6 Bxf6 19. Bxd5 Qc3 20. e4 Kg7 21. Nf3 Rd8 (21... Ba6 $14) 22. Re3 $16 Bc2 23. Qe2 ({Resist} 23. Rxc3 $6 Bxd1 24. Re3 h6 $14) 23... Qa1+ 24. Kg2 Bd1 25. Qa6 Bxf3+ 26. Rxf3 Rd7 27. Qc8 Re7 28. b4 Qe5 29. a4 Qc7 30. Qa6 Qd6 31. Qb5 Qd7 32. Bc6 Qd4 33. a5 (33. Rb3 $16) 33... Re5 $1 $11 {[%cal Re5b5] The position is equal.} 34. Qd3 Qxb4 35. a6 Qc5 36. Bd5 Re7 37. Qb3 Qd6 38. Qa4 Rc7 39. h4 h5 40. Qe8 Qd8 41. Qb5 Qd7 42. Qb3 {With the idea e5!} Qd6 43. Qb5 Qd7 44. Qb4 Qe7 45. Qd2 Qe5 46. Qd3 Qb2 47. Bb3 Qe5 48. Bd5 {Accuracy: White = 74%, Black = 77%.} 1/2-1/2